000 00362 a2200157 4500
001 58618
020 _a85089073097
040 _cAnchieta - Pituba
100 _aOliveri, Antonio Carlos
240 1 0 _aCronistas do descobrimento
_lpor
245 1 0 _aCronistas do descobrimento
300 _a150
362 0 _a1999
650 4 _aCrônica brasileira
942 _cBK
999 _c58618
_d58618